000 02959nam a2200265Ia 4500
001 18612
003 GE_BSU
008 181216s||||||||xx |||||||||||||| ||und||
020 _aISBN: 9789941946561
040 _cGE_BSU
080 _a811.512.16
100 _aგურგენიძე,ნუნუ.
245 _aდიალექტოლოგიური ძიებანი : თურქულ-ქართულ დიალექტთა ურთიერთმიმართების საკითხები = Aǧiz araştirmalari = Dialectological Studies
245 _cრედაქტორი:ჯიქია,მარიკა
250 _aთბილისის ილიას სახელობის სახელმწიფო უნივერსიტეტი ; აკად.გ. წერეთლის სახელობის აღმოსავლეთმცოდნეობის ინსტიტუტი.
260 _aთბილისი
260 _bქართული აკადემიური წიგნი
260 _c2016
300 _a192 გვ.24სმ.
653 _aაღმოსავლური წარმოშობის ლექსიკის სტრუქტურისა და ისტორიისათვის ქართულ დიალექტებში -- ნასესხებ სიტყვათა ფონეტიკურ-ფონოლოგიური ცვლილებანი -- ლექსიკა -- მორფოლოგია -- თურქულ-ქართულ დიალექტთა ურთიერთმიმართების საკითხები
653 _aდიალექტებში -- მსაზღვრელ-საზღვრულის სინტაგმისათვის ნასესხებ მიკროჰიდრონიმებში -- ქართველიზმები ჩრდილო-აღმოსავლეთ ანატოლიის თურქულ დიალექტებში -- გამოყენებული ლიტერატურა -- სახელთა საძიებელი. ძიება თემის მიხედვით
653 _aენათმეცნიერება. დიალექტოლოგია.
653 _aთურქულიდან ნასესხებ პატრონიმთა სტრუქტურისა და სემანტიკისათვის ქართულში -- აღმოსავლური წარმოშობის ლექსიკური ელემენტები საქართველოს მთის(ფშავი, მთიულური, თიანური, გუდამაყრული, თუშური)
942 _cBK
999 _c51621
_d51621